000 00936nam0a2200289 4500
001 RU\NLR\bibl\800167
005 20250614125349.0
010 _a5-05-006070-2
_955000
021 _aRU
_b2005-7000
_9358
035 _a(NLR Aleph) 000789344
090 _a1111750
_c1111750
100 _a20050517d2005 |||y0rusy50 ca
101 1 _arus
_ceng
102 _aRU
105 _ay |||||||||
200 1 _aПодарок для Александры
_eроман
_fЛюси Монро
_gпер. с англ. [Е. Сноповой]
210 _aМосква
_cРадуга
_d2005
215 _a172, [1] с.
_d17
225 1 _aЛюбовный роман
_v1037
686 _aШ6(7США)67-440.4{Лх1979-50}
700 1 _4070
_7ca
_8rus
_aМонро
_bЛ.
_f1967-
_gЛюси
_9252686
_3RU\NLR\AUTH\770252742
801 0 _aRU
_bNLR
_c20050517
_grcr
801 1 _aRU
_bNLR
_c20050517
942 _cBOOK
980 _aNB